| 000 | 00391pab a2200157 454500 | ||
|---|---|---|---|
| 008 | 180718b2012 xxu||||| |||| 00| 0 eng d | ||
| 100 | _aBajaj, K.K. | ||
| 245 | _aNational Assessment and Accreditation Council: An overview | ||
| 260 | _c2012 | ||
| 300 | _ap.1-4. | ||
| 362 | _a13 Feb | ||
| 650 | _aAccreditation (education) | ||
| 773 | _aUniversity News | ||
| 908 | _aN | ||
| 909 | _a95168 | ||
| 999 |
_c95168 _d95168 |
||